Actas de derecho industrial y derecho de autor. Tomo XXVI (2005)

Detalles Bibliográficos
Autor Corporativo: Universidad de Santiago de Compostela. Instituto de Derecho Industrial
Formato: Desconocido
Publicado: [Santiago de Compostela] : Universidad de Santiago de Compostela, Departamento de Derecho Mercantil y del Trabajo ; [2006]
Madrid : Marcial Pons
Materias:
Acceso en línea:Acceso restringido

MARC

LEADER 00000ny aa2200000n 44500
005 20110224120442.0
008 020326s2001 sp s 000 0 spa c
020 |a 9788497683708 
035 |a 5257 
040 |a vlex 
090 |c 1423  |d 1423 
245 0 0 |a Actas de derecho industrial y derecho de autor.   |b Tomo XXVI  |c Instituto de Derecho Industrial de la Universidad de Santiago de Compostela;  |h [Recurso electrn̤ico]  |p (2005) 
256 |a Servicio en ln̕ea 
260 |a [Santiago de Compostela] :   |b Universidad de Santiago de Compostela, Departamento de Derecho Mercantil y del Trabajo ;  
260 |a Madrid :   |b Marcial Pons   |c [2006] 
300 |a 1328 p. 
506 1 |a Contenido solo disponible en los productos indicados  |d vLex Global  |d vLex Global (Academic Edition, excluding Law Schools)  |d vLex Global (U.S. Academic Edition, Law Schools)  |d vLex Global (U.S. Academic Edition, excluding Law Schools)  |d vLex Global (Academic Edition, Law Schools) 
650 0 7 |a Industrias  |2 Tesauro vLex 
650 0 7 |a Derecho industrial  |2 Tesauro vLex 
710 2 |a Universidad de Santiago de Compostela.  |b Instituto de Derecho Industrial  
740 0 |a vLex Libros (Servicios en ln̕ea) 
856 4 0 |u http://vlex.com/source/5257  |z Acceso restringido 
942 |c BOOK